000
00267nam a22001097a 4500
008
260424b |||||||| |||| 00| 0 eng d
082
_a
001051
100
_a
Narayanachar, K S
245
_a
Vanadalli Pandavaru
260
_a
Hubli
_b
Sahitya Prakashana
_c
2014
942
_2
ddc
999
_c
1291
_d
1291